| 000 | 00655nam a2200217Ii 4500 | ||
|---|---|---|---|
| 003 | JO-AjNU | ||
| 008 | 230605s9999||||xx |||||||||||||| ||und|| | ||
| 017 | _a2007/4/1036 | ||
| 040 |
_aJO-AjNU _bara _erda _cJO-AjNU |
||
| 041 | _aara | ||
| 050 | 1 | 4 | _aPJ7842.H521.S22 2007 |
| 100 | 3 |
_aتأليف الخطيب،نبيلة, _eauthor _910806 |
|
| 245 | 0 | 0 | _aصلاة النار |
| 250 | _aط1 | ||
| 264 | 3 | 1 | _aعمان:المؤلف،2007 |
| 300 | _a104ص | ||
| 336 |
_atext _btxt _2rdacontent |
||
| 337 |
_aunmediated _bn _2rdamedia |
||
| 338 |
_avolume _bnc _2rdacarrier |
||
| 650 | 4 |
_aالشعر العربي -العصر الحديث - الأردن _910807 |
|
| 999 |
_aA1997 _c5565 _d5565 |
||